| 000 | nam a22 7a 4500 | ||
|---|---|---|---|
| 999 |
_c234573 _d234573 |
||
| 005 | 20170324122551.0 | ||
| 008 | 170324b xxu||||| |||| 00| 0 eng d | ||
| 020 | _a9789699532016 | ||
| 040 | _c. | ||
| 082 | _aBB-416 | ||
| 100 | _aAli & Safdar | ||
| 245 |
_aThe Sikh Hermitage Of Pakistan / _cDr Safdar Ali & Syed Javaid Kazi |
||
| 260 |
_aLahore, _bTOPICAL, _c2013. |
||
| 300 |
_a96 p. ; _c32 cm. |
||
| 942 |
_2ddc _cBK |
||